000 00565nam a22001817a 4500
005 20240201140635.0
008 240201b |||||||| |||| 00| 0 eng d
020 _a9780409013344 ; 9780409015270
041 _aEnglish
082 _a343.9 SOU
100 _aDale, MO et al.
_lEnglish
245 _aSouth African Mineral and Petroleum Law /
_cMO Dale
250 _aFirst Edition
260 _aDurban :
_bLexisNexis (Pty) Ltd,
_c2005
300 _bx, 243 pages ;
_c26 cm.
650 _aLegal practice
_bLaw
942 _cBK
_6ALISON_BN_VRIES
999 _c1323
_d1323